Ceny na trzích kapitalistických států a devizové kursy 4/89

Saved in:
Bibliographic Details
Format: Book
Language:Czech
Published: Praha Výzkumný ústav vnějších ekonomických vztahů 1989
Tags: Add Tag
No Tags, Be the first to tag this record!

MARC

LEADER 00000nam a2200000 4500
001 c025925
005 20260309110422.5
041 0 |a cze 
044 |a CZ 
245 1 0 |a Ceny na trzích kapitalistických států a devizové kursy 4/89 
264 1 |a Praha  |b Výzkumný ústav vnějších ekonomických vztahů  |c 1989 
300 |a 92 s.